Доступна ли ипотека в России?; Экономика России в XXI веке

Bibliographic Details
Parent link:Экономика России в XXI веке.— 2011.— С. 305-307
Main Author: Петлина А. А.
Language:Russian
Published: 2011
Series:Экономика России в XXI веке
Subjects:
Format: Book Chapter
KOHA link:https://koha.lib.tpu.ru/cgi-bin/koha/opac-detail.pl?biblionumber=238398

MARC

LEADER 00000naa2a2200000 4500
001 238398
005 20231031205130.0
035 |a (RuTPU)RU\TPU\book\259586 
035 |a RU\TPU\book\259585 
090 |a 238398 
100 |a 20130524d2011 k y0rusy50 ca 
101 0 |a rus 
102 |a RU 
200 1 |a Доступна ли ипотека в России?  |f А. А. Петлина 
225 1 |a Экономика России в XXI веке 
320 |a Библиогр.: с. 307 (3 назв.) 
463 0 |0 (RuTPU)RU\TPU\book\250468  |t Экономика России в XXI веке  |o сборник научных трудов VIII Всероссийской научно-практической конференции "Фундаментальные проблемы модернизации экономики России", г. Томск, 15-18 ноября 2011 г.  |f Национальный исследовательский Томский политехнический университет (ТПУ), Инженерно-экономический факультет ; под ред. Г. А. Барышевой, Л. М. Борисовой  |v С. 305-307  |d 2011  |p 420 с. 
610 1 |a труды учёных ТПУ 
610 1 |a ипотека 
610 1 |a Россия 
610 1 |a ипотечное кредитование 
610 1 |a развитые страны 
610 1 |a прогресс 
610 1 |a доступность 
610 1 |a банковские продукты 
610 1 |a макроэкономические факторы 
610 1 |a рынок недвижимости 
700 1 |a Петлина  |b А. А. 
801 1 |a RU  |b 63413507  |c 20121214 
801 2 |a RU  |b 63413507  |c 20130524  |g RCR 
942 |c BK